00914nam a2200217 a 4500001001000000003000500010005001700015008004100032010001100073011001100084040000900095100003200104245021100136260004100347500006000388502009000448650003700538650002300575650002800598856007000626000112129CHAP20220329144247.0151207s2015 mx a |sm |||||||spa d a108590 a109562 cCHAP1 aLópez Agustín, Eberardo10aValoración de la determinación de grasa en quesos por el método Van Gulik y cremas con los métodos Roeder y Köehler comparado con el método Soxhleth[En línea]cpor Eberardo López Agustín. aChapingo, Méx. :bEl autor,c2015. aPara ver el contenido del material haga clic en la liga aTesis (Ingeniero Agroindustrial) -- UACH. Departamento de Ingeniería Agroindustrial14aProductos lácteosxAnálisis.14aQuesoxAnálisis.14aQuesoxContenido graso. aFinding aiduhttp://10.13.5.2/tesis/sist112129.pdfzTeclea aquí